[Event "LSS WC-2010-F-00011"]
[Site "LSS email"]
[Date "2010.11.17"]
[Round "?"]
[White "Feng, Jason"]
[Black "Barna, Tamas"]
[Result "0-1"]
[WhiteElo "915"]
[BlackElo "1365"]
[PlyCount "48"]
[EventDate "2010.11.23"]
[EventType "tourn (corr)"]
[EventRounds "10"]
[EventCountry "GER"]
[SourceTitle "Telechess CBM 149"]
[Source "ChessBase"]
[SourceDate "2012.07.17"]
[SourceVersion "1"]
[SourceVersionDate "2012.07.17"]
[SourceQuality "1"]

1. e4 c5 2. Nf3 d6 3. c3 Nf6 4. Be2 Nxe4 5. Qa4+ Bd7 6. Qxe4 Bc6 7. Qc2 e5 8. 0-0 Nd7 9. d3 Be7 10. Be3 0-0 11. Nbd2 f5 12. Nb3 f4 13. Bd2 g5 14. Be1 g4 15. Nfd2 f3 16. gxf3 gxf3 17. Bd1 Bg5 18. Kh1 Kh8 19. Rg1 Qf6 20. Ne4 Bxe4 21. dxe4 Qh6 22. Bd2 Bf4 23. Bxf4 Rxf4 24. Qd3 Rh4 0-1

[Event "LSS WC-2010-F-00011"]
[Site "LSS email"]
[Date "2010.11.17"]
[Round "?"]
[White "Sherwood, Russell"]
[Black "Barna, Tamas"]
[Result "1-0"]
[WhiteElo "1963"]
[BlackElo "1365"]
[PlyCount "55"]
[EventDate "2010.11.23"]
[EventType "tourn (corr)"]
[EventRounds "10"]
[EventCountry "GER"]
[SourceTitle "Telechess CBM 149"]
[Source "ChessBase"]
[SourceDate "2012.07.17"]
[SourceVersion "1"]
[SourceVersionDate "2012.07.17"]
[SourceQuality "1"]

1. e4 c5 2. Nf3 d6 3. d4 cxd4 4. Nxd4 Nf6 5. Nc3 a6 6. Be3 e5 7. Nf3 Be7 8. Bc4 0-0 9. 0-0 Be6 10. Qe2 b5 11. Bb3 h6 12. a3 Bxb3 13. cxb3 Nbd7 14. b4 Nb6 15. b3 Rc8 16. Rac1 Re8 17. Nh4 Bf8 18. Nf5 Rc6 19. Nd5 Rxc1 20. Nxh6+ gxh6 21. Bxb6 Rxf1+ 22. Kxf1 Qb8 23. Nxf6+ Kh8 24. Qf3 Re6 25. Qf5 Kg7 26. Bd8 Qxd8 27. Qg4+ Kxf6 28. Qh4+ 1-0

[Event "LSS SE-2010-0-00048"]
[Site "LSS email"]
[Date "2010.05.31"]
[Round "?"]
[White "Molano Lafuente, Ismael"]
[Black "Barna, Tamas"]
[Result "1-0"]
[WhiteElo "1328"]
[BlackElo "1387"]
[PlyCount "54"]
[EventDate "2010.04.04"]
[EventType "tourn (corr)"]
[EventRounds "6"]
[EventCountry "GER"]
[SourceTitle "Telechess CBM 141"]
[Source "ChessBase"]
[SourceDate "2011.03.17"]
[SourceVersion "1"]
[SourceVersionDate "2011.03.17"]
[SourceQuality "1"]

1. e4 c5 2. Nf3 d6 3. d4 cxd4 4. Nxd4 Nf6 5. Nc3 a6 6. Bg5 e6 7. Qf3 h6 8. Bxf6 Qxf6 9. Qxf6 gxf6 10. Be2 Rg8 11. Kf1 b5 12. Bf3 Nd7 13. a4 b4 14. Na2 Ne5 15. Nxb4 Rb8 16. c3 a5 17. Ndc6 Nxc6 18. Nxc6 Rxb2 19. Nxa5 Ba6+ 20. Kg1 Kd7 21. h4 Be7 22. Ra3 Rgb8 23. Bd1 d5 24. Rb3 Bc5 25. exd5 R8xb3 26. dxe6+ fxe6 27. Nxb3 Rxf2 1-0

[Event "LSS BI-2010-P-00022"]
[Site "LSS email"]
[Date "2010.04.19"]
[Round "?"]
[White "Barna, Tamas"]
[Black "Van Rooijen, Peter"]
[Result "1-0"]
[WhiteElo "1339"]
[BlackElo "1656"]
[PlyCount "23"]
[EventDate "2010.04.22"]
[EventType "tourn (corr)"]
[EventRounds "10"]
[EventCountry "GER"]
[SourceTitle "Corr 2013"]
[Source "ChessBase"]
[SourceDate "2012.11.12"]
[SourceVersion "1"]
[SourceVersionDate "2012.11.12"]
[SourceQuality "1"]

1. e4 e6 2. d4 d5 3. e5 c5 4. c3 Nc6 5. Nf3 Bd7 6. Be2 Nge7 7. Na3 cxd4 8. cxd4 Nf5 9. Nc2 Qb6 10. 0-0 Rc8 11. Kh1 Be7 12. Bd3 1-0

[Event "LSS BI-2010-P-00022"]
[Site "LSS email"]
[Date "2010.04.19"]
[Round "?"]
[White "Muller, Henri Louis"]
[Black "Barna, Tamas"]
[Result "0-1"]
[WhiteElo "2089"]
[BlackElo "1402"]
[PlyCount "70"]
[EventDate "2010.04.22"]
[EventType "tourn (corr)"]
[EventRounds "10"]
[EventCountry "GER"]
[SourceTitle "Telechess CBM 141"]
[Source "ChessBase"]
[SourceDate "2011.03.17"]
[SourceVersion "1"]
[SourceVersionDate "2011.03.17"]
[SourceQuality "1"]

1. e4 c5 2. Nf3 d6 3. d4 cxd4 4. Nxd4 Nf6 5. Nc3 a6 6. Bg5 e6 7. f4 Nbd7 8. Qf3 Qc7 9. 0-0-0 b5 10. Bd3 Bb7 11. Rhe1 0-0-0 12. f5 e5 13. Nb3 Be7 14. Be3 Nc5 15. Kb1 h6 16. Bf2 Rhe8 17. Bf1 Kb8 18. Nd5 Nxd5 19. exd5 e4 20. Qg4 Qd7 21. Bg3 Ka8 22. Nxc5 dxc5 23. Rxe4 g6 24. Re5 Rf8 25. c4 h5 26. Qf3 Bd6 27. Re3 Bxg3 28. hxg3 bxc4 29. Bxc4 Qxf5+ 30. Qxf5 gxf5 31. Re5 Rg8 32. Rxf5 Rxg3 33. Rd2 Rdg8 34. Rxh5 Rxg2 35. Rf5 Rxd2 0-1

[Event "LSS SE-2010-0-00043"]
[Site "LSS email"]
[Date "2010.03.29"]
[Round "?"]
[White "Barna, Tamas"]
[Black "Tausnev, Bladimir"]
[Result "0-1"]
[WhiteElo "1298"]
[BlackElo "1500"]
[PlyCount "70"]
[EventDate "2010.01.28"]
[EventType "tourn (corr)"]
[EventRounds "6"]
[EventCountry "GER"]
[SourceTitle "Corr 2022"]
[Source "ChessBase"]
[SourceDate "2021.10.24"]
[SourceVersion "1"]
[SourceVersionDate "2021.10.24"]
[SourceQuality "1"]

1. e4 c5 2. Nf3 Nc6 3. d4 cxd4 4. Nxd4 Nf6 5. Nc3 e5 6. Ndb5 d6 7. Bg5 a6 8. Na3 b5 9. Nd5 Be7 10. Bxf6 Bxf6 11. c3 0-0 12. Nc2 Bg5 13. a4 bxa4 14. Rxa4 a5 15. Bc4 Rb8 16. b3 Kh8 17. 0-0 f5 18. exf5 Bxf5 19. Nce3 Bg6 20. Be2 Bf7 21. Nc4 e4 22. f3 exf3 23. Bxf3 Bg8 24. Be4 Rxf1+ 25. Kxf1 Rb5 26. g3 Ne7 27. Nxe7 Qxe7 28. Nxa5 Rc5 29. Qf3 d5 30. Bf5 Bd2 31. Qe2 Be3 32. Kg2 d4 33. Bc2 Bd5+ 34. Kh3 Qe6+ 35. Qg4 Bf3 0-1

[Event "LSS SE-2010-0-00043"]
[Site "LSS email"]
[Date "2010.03.29"]
[Round "?"]
[White "Cabrera Trujillo, Claudio Tomas"]
[Black "Barna, Tamas"]
[Result "0-1"]
[WhiteElo "1117"]
[BlackElo "1402"]
[PlyCount "60"]
[EventDate "2010.01.28"]
[EventType "tourn (corr)"]
[EventRounds "6"]
[EventCountry "GER"]
[SourceTitle "Telechess CBM 141"]
[Source "ChessBase"]
[SourceDate "2011.03.17"]
[SourceVersion "1"]
[SourceVersionDate "2011.03.17"]
[SourceQuality "1"]

1. d4 d5 2. c4 c6 3. Nf3 Nf6 4. Nc3 e6 5. e3 Be7 6. Bd3 dxc4 7. Bxc4 b5 8. Bd3 a6 9. e4 Bb7 10. Qe2 c5 11. e5 Nd5 12. a3 cxd4 13. Nxd4 Nb4 14. Bxb5+ axb5 15. Be3 N4c6 16. Ndxb5 Nxe5 17. Rd1 Nbd7 18. 0-0 0-0 19. Bf4 Ng6 20. Bg3 Ba6 21. Qd2 Nc5 22. Qe3 Qb6 23. Nc7 Bxf1 24. Nxa8 Qxb2 25. Kxf1 Rxa8 26. Nb1 Rd8 27. Qc1 Rxd1+ 28. Qxd1 Ne4 29. a4 Nf4 30. h4 Nxg3+ 0-1

[Event "LSS SE-2010-0-00041"]
[Site "LSS email"]
[Date "2010.02.24"]
[Round "?"]
[White "Billion, Paul"]
[Black "Barna, Tamas"]
[Result "0-1"]
[WhiteElo "778"]
[BlackElo "1370"]
[PlyCount "52"]
[EventDate "2010.01.09"]
[EventType "tourn (corr)"]
[EventRounds "6"]
[EventCountry "GER"]
[SourceTitle "Telechess CBM 147"]
[Source "ChessBase"]
[SourceDate "2012.03.16"]
[SourceVersion "1"]
[SourceVersionDate "2012.03.16"]
[SourceQuality "1"]

1. d4 d5 2. Nf3 Nf6 3. c4 c6 4. Nc3 e6 5. e3 Nbd7 6. Bd2 Bd6 7. Qc2 0-0 8. cxd5 exd5 9. Bd3 Re8 10. Ng5 h6 11. Nxf7 Kxf7 12. Bg6+ Kg8 13. Bxe8 Qxe8 14. 0-0 Qh5 15. h3 Nb6 16. f4 Bf5 17. Qb3 Qg6 18. Rf3 Bc2 19. Rg3 Qxg3 20. Qxc2 Nc4 21. Rf1 Nxe3 22. Bxe3 Qxe3+ 23. Kh1 Nh5 24. Ne2 Qxe2 25. Qxe2 Ng3+ 26. Kg1 Nxe2+ 0-1

[Event "LSS SE-2010-0-00041"]
[Site "LSS email"]
[Date "2010.02.23"]
[Round "?"]
[White "Barna, Tamas"]
[Black "Kiryushin, Anatoly"]
[Result "1/2-1/2"]
[WhiteElo "1306"]
[BlackElo "1405"]
[PlyCount "36"]
[EventDate "2010.01.09"]
[EventType "tourn (corr)"]
[EventRounds "6"]
[EventCountry "GER"]
[SourceTitle "Telechess CBM 141"]
[Source "ChessBase"]
[SourceDate "2011.03.17"]
[SourceVersion "1"]
[SourceVersionDate "2011.03.17"]
[SourceQuality "1"]

1. e4 e5 2. Nf3 Nc6 3. d4 exd4 4. Nxd4 Nf6 5. Nxc6 bxc6 6. e5 Qe7 7. Qe2 Nd5 8. c4 Ba6 9. b3 g5 10. g3 Bg7 11. Bb2 0-0-0 12. Bg2 Rhe8 13. 0-0 Bxe5 14. Qxe5 Qxe5 15. Bxe5 Rxe5 16. cxd5 Bxf1 17. Kxf1 cxd5 18. Na3 c6 1/2-1/2

[Event "LSS SE-2010-0-00041"]
[Site "LSS email"]
[Date "2010.02.23"]
[Round "?"]
[White "Lonyuk, Bohdan"]
[Black "Barna, Tamas"]
[Result "0-1"]
[WhiteElo "1149"]
[BlackElo "1394"]
[PlyCount "74"]
[EventDate "2010.01.09"]
[EventType "tourn (corr)"]
[EventRounds "6"]
[EventCountry "GER"]
[SourceTitle "Telechess CBM 141"]
[Source "ChessBase"]
[SourceDate "2011.03.17"]
[SourceVersion "1"]
[SourceVersionDate "2011.03.17"]
[SourceQuality "1"]

1. e4 c5 2. Nc3 Nc6 3. g3 g6 4. Bg2 Bg7 5. d3 e6 6. Be3 Qa5 7. Qd2 Nd4 8. f4 Ne7 9. Nf3 d6 10. 0-0 Nec6 11. e5 d5 12. a3 f6 13. b4 cxb4 14. axb4 Nxf3+ 15. Bxf3 Qxb4 16. Rfb1 Qe7 17. Nb5 fxe5 18. fxe5 0-0 19. Bg2 Bxe5 20. d4 Bf6 21. c3 g5 22. Rf1 Bd7 23. Rf3 h6 24. Raf1 Bg7 25. Qe2 a6 26. Nc7 Rxf3 27. Bxf3 Rc8 28. Nxd5 exd5 29. Bxd5+ Kh8 30. Rf7 Qd6 31. c4 Nxd4 32. Qh5 Nf5 33. Bxg5 Be6 34. Bf4 Qb6+ 35. Kh1 Bxd5+ 36. cxd5 Qf2 37. Qd1 Rc2 0-1

[Event "LSS No Engine Cup 17 Preliminary 3"]
[Site "LSS email"]
[Date "2010.02.21"]
[Round "?"]
[White "Barna, Tamas"]
[Black "Ottenweller, Wolfgang"]
[Result "0-1"]
[WhiteElo "1370"]
[BlackElo "1514"]
[PlyCount "92"]
[EventDate "2010.02.22"]
[EventType "tourn (corr)"]
[EventRounds "6"]
[EventCountry "GER"]
[SourceTitle "Telechess CBM 147"]
[Source "ChessBase"]
[SourceDate "2012.03.16"]
[SourceVersion "1"]
[SourceVersionDate "2012.03.16"]
[SourceQuality "1"]

1. e4 c5 2. Nf3 Nc6 3. d4 cxd4 4. Nxd4 e5 5. Nxc6 dxc6 6. Qxd8+ Kxd8 7. Nc3 Bb4 8. Bd2 Nf6 9. 0-0-0 Kc7 10. Nb5+ cxb5 11. Bxb4 Nxe4 12. Rd5 Nxf2 13. Rg1 Rd8 14. Rxd8 Kxd8 15. Bxb5 Be6 16. Rf1 Ng4 17. Rd1+ Kc7 18. h3 a6 19. Be2 Nf2 20. Rf1 Ne4 21. Bf3 a5 22. Be7 Re8 23. Bh4 Nd6 24. Bg3 f6 25. Bh5 Rc8 26. Rd1 Kd7 27. a3 Ke7 28. Bf3 Bf5 29. c3 Ne4 30. Be1 Nc5 31. b4 Nd3+ 32. Kd2 Rd8 33. Ke3 Nxe1 34. Rxe1 Rd3+ 35. Kf2 Rxc3 36. Bxb7 Rxa3 37. bxa5 Rxa5 38. Rc1 Ra7 39. Bd5 Be6 40. Bxe6 Kxe6 41. Rc3 f5 42. g3 Ra2+ 43. Ke3 g5 44. Rb3 Rg2 45. Kf3 Rh2 46. Rb6+ Kd5 0-1

[Event "LSS No Engine Cup 17 Preliminary 3"]
[Site "LSS email"]
[Date "2010.02.21"]
[Round "?"]
[White "Kelemen, Gyorgy"]
[Black "Barna, Tamas"]
[Result "1-0"]
[WhiteElo "1872"]
[BlackElo "1370"]
[PlyCount "31"]
[EventDate "2010.02.22"]
[EventType "tourn (corr)"]
[EventRounds "6"]
[EventCountry "GER"]
[SourceTitle "Corr 2013"]
[Source "ChessBase"]
[SourceDate "2012.11.12"]
[SourceVersion "1"]
[SourceVersionDate "2012.11.12"]
[SourceQuality "1"]

1. e4 c5 2. Nf3 d6 3. d4 cxd4 4. Nxd4 Nf6 5. Nc3 a6 6. f4 Nbd7 7. a4 e6 8. Be2 Be7 9. 0-0 Qb6 10. a5 Qc7 11. Qe1 b5 12. axb6 Qxb6 13. Be3 Qxb2 14. Bf3 Rb8 15. Nc6 Rb7 16. Ra2 1-0

[Event "LSS No Engine Cup 17 Preliminary 3"]
[Site "LSS email"]
[Date "2010.02.21"]
[Round "?"]
[White "Raines, David T"]
[Black "Barna, Tamas"]
[Result "1/2-1/2"]
[WhiteElo "1086"]
[BlackElo "1285"]
[PlyCount "85"]
[EventDate "2010.02.22"]
[EventType "tourn (corr)"]
[EventRounds "6"]
[EventCountry "GER"]
[SourceTitle "Corr 2013"]
[Source "ChessBase"]
[SourceDate "2012.11.12"]
[SourceVersion "1"]
[SourceVersionDate "2012.11.12"]
[SourceQuality "1"]

1. Nf3 d5 2. d4 Nf6 3. e3 e6 4. c4 c6 5. Nc3 Nbd7 6. Bd3 dxc4 7. Bxc4 b5 8. Bd3 a6 9. e4 Bb7 10. 0-0 Be7 11. a3 0-0 12. b4 Qc7 13. Bb2 e5 14. Rc1 exd4 15. Nxd4 Ne5 16. Nf3 Rfd8 17. Nxe5 Qxe5 18. Na4 Qg5 19. f4 Qh5 20. Nc5 Bxc5+ 21. bxc5 Qxd1 22. Rfxd1 Rd7 23. Be5 Ne8 24. Be2 Rad8 25. Bg4 Rxd1+ 26. Rxd1 Rxd1+ 27. Bxd1 Bc8 28. h3 f5 29. Bf3 fxe4 30. Bxe4 Bd7 31. Kf2 g6 32. Ke3 Kf7 33. Kd4 Nf6 34. Bf3 h5 35. Bc7 Ke6 36. Be5 Nd5 37. Be4 Be8 38. g4 hxg4 39. hxg4 Ne7 40. Bd6 Nc8 41. Be5 Ne7 42. Bd6 Nc8 43. Be5 1/2-1/2

[Event "LSS No Engine Cup 13 Preliminary 7"]
[Site "LSS email"]
[Date "2009.12.27"]
[Round "?"]
[White "Barna, Tamas"]
[Black "Hermans, Marcel M"]
[Result "0-1"]
[WhiteElo "1285"]
[BlackElo "1949"]
[PlyCount "46"]
[EventDate "2009.12.28"]
[EventType "tourn (corr)"]
[EventRounds "6"]
[EventCountry "GER"]
[SourceTitle "Corr 2013"]
[Source "ChessBase"]
[SourceDate "2012.11.12"]
[SourceVersion "1"]
[SourceVersionDate "2012.11.12"]
[SourceQuality "1"]

1. e4 Nf6 2. e5 Nd5 3. d4 d6 4. c4 Nb6 5. exd6 exd6 6. Nf3 Be7 7. b3 0-0 8. Bd3 Nc6 9. Bb2 Bf6 10. 0-0 Bg4 11. Be2 Re8 12. Re1 d5 13. c5 Nd7 14. Qc2 Bxf3 15. gxf3 Nxd4 16. Bxd4 Bxd4 17. Nc3 c6 18. Rad1 Qg5+ 19. Kh1 Qf6 20. Nxd5 cxd5 21. Bb5 Rxe1+ 22. Rxe1 Qxf3+ 23. Kg1 Ne5 0-1

[Event "LSS No Engine Cup 13 Preliminary 7"]
[Site "LSS email"]
[Date "2009.12.27"]
[Round "?"]
[White "Neoq, Lisa"]
[Black "Barna, Tamas"]
[Result "1-0"]
[WhiteElo "800"]
[BlackElo "1286"]
[PlyCount "39"]
[EventDate "2009.12.28"]
[EventType "tourn (corr)"]
[EventRounds "6"]
[EventCountry "GER"]
[SourceTitle "Corr 2013"]
[Source "ChessBase"]
[SourceDate "2012.11.12"]
[SourceVersion "1"]
[SourceVersionDate "2012.11.12"]
[SourceQuality "1"]

1. e4 c5 2. Nf3 d6 3. d4 cxd4 4. Nxd4 Nf6 5. Nc3 a6 6. Bc4 Qc7 7. Bb3 e6 8. 0-0 Be7 9. f4 0-0 10. f5 e5 11. Nde2 b5 12. Ng3 Bb7 13. Nh5 Nbd7 14. Bg5 Rfd8 15. Kh1 Qc5 16. Rf3 Re8 17. Rg3 Bxe4 18. Bxf6 Nxf6 19. Nxf6+ Bxf6 20. Nxe4 1-0

[Event "LSS SE-2009-0-00035"]
[Site "LSS email"]
[Date "2009.12.26"]
[Round "?"]
[White "Molano Lafuente, Ismael"]
[Black "Barna, Tamas"]
[Result "0-1"]
[WhiteElo "1208"]
[BlackElo "1370"]
[PlyCount "42"]
[EventDate "2009.10.18"]
[EventType "tourn (corr)"]
[EventRounds "6"]
[EventCountry "GER"]
[SourceTitle "Corr 2013"]
[Source "ChessBase"]
[SourceDate "2012.11.12"]
[SourceVersion "1"]
[SourceVersionDate "2012.11.12"]
[SourceQuality "1"]
[WhiteTeam "US of America"]
[BlackTeam "US of America"]
[WhiteTeamCountry "USA"]
[BlackTeamCountry "USA"]

1. e4 c5 2. b3 Nc6 3. Bb2 d6 4. f4 Nf6 5. Bd3 e6 6. Nf3 Be7 7. 0-0 0-0 8. Nc3 a6 9. a4 Nb4 10. Be2 d5 11. e5 Ng4 12. h3 Nh6 13. a5 Nc6 14. Na4 Qxa5 15. Bc3 Qd8 16. d4 Nf5 17. dxc5 Ne3 18. Qd2 Nxf1 19. Rxf1 Bd7 20. Kh2 Rb8 21. Bd3 Qc7 0-1

[Event "LSS SE-2009-0-00035"]
[Site "LSS email"]
[Date "2009.12.26"]
[Round "?"]
[White "Paluch, Andrzej"]
[Black "Barna, Tamas"]
[Result "1-0"]
[WhiteElo "1480"]
[BlackElo "1401"]
[PlyCount "87"]
[EventDate "2009.10.18"]
[EventType "tourn (corr)"]
[EventRounds "6"]
[EventCountry "GER"]
[SourceTitle "Telechess CBM 141"]
[Source "ChessBase"]
[SourceDate "2011.03.17"]
[SourceVersion "1"]
[SourceVersionDate "2011.03.17"]
[SourceQuality "1"]

1. d4 d5 2. c4 c6 3. cxd5 cxd5 4. Bf4 Nc6 5. Nc3 Nf6 6. e3 a6 7. Bd3 Bg4 8. f3 Bh5 9. Nge2 e6 10. 0-0 Be7 11. Qb3 Na5 12. Qc2 Bg6 13. Rac1 Rc8 14. Bg5 Nc4 15. Nf4 Nxe3 16. Qa4+ b5 17. Nxb5 axb5 18. Bxb5+ Kf8 19. Nxg6+ hxg6 20. Rxc8 Qxc8 21. Bxe3 Bd6 22. g3 Qb8 23. Rf2 Kg8 24. Qb3 Kh7 25. Rc2 Ng8 26. a4 Ne7 27. a5 Qa7 28. a6 Bc7 29. g4 Bd6 30. Qa4 Ra8 31. Bd3 Rb8 32. Bf2 Nc8 33. h4 Qe7 34. h5 Na7 35. Kg2 Rh8 36. Rc3 Rd8 37. Rb3 Rc8 38. Rb7 Rc7 39. hxg6+ fxg6 40. Rxc7 Bxc7 41. Qc2 Kg8 42. Bxg6 Bb8 43. Qa4 Kf8 44. Bh4 1-0

[Event "LSS No Engine Cup Gr11 prel 03 email"]
[Site "LSS email"]
[Date "2009.11.23"]
[Round "?"]
[White "Barna, Tamas"]
[Black "Sas, Istvan"]
[Result "1-0"]
[WhiteElo "1274"]
[BlackElo "754"]
[PlyCount "55"]
[EventDate "2009.11.24"]
[EventType "tourn (corr)"]
[EventRounds "6"]
[EventCountry "GER"]
[SourceTitle "Telechess CBM 137"]
[Source "ChessBase"]
[SourceDate "2010.07.15"]
[SourceVersion "1"]
[SourceVersionDate "2010.07.15"]
[SourceQuality "1"]

1. e4 c6 2. d4 d5 3. e5 Bf5 4. Nf3 h6 5. Be2 Be4 6. Nbd2 Bxf3 7. Nxf3 Nd7 8. 0-0 Qc7 9. c4 e6 10. b3 Ne7 11. Bb2 f6 12. exf6 Nxf6 13. Ne5 g6 14. Qd3 Rg8 15. Qf3 Bg7 16. Bd3 Rf8 17. Bxg6+ Nxg6 18. Nxg6 Rf7 19. Qh3 Qc8 20. Rae1 Ne4 21. f3 Ng5 22. Qg4 Rf6 23. Nf4 Kf7 24. h4 Nh7 25. Qh5+ Kg8 26. Qe5 Nf8 27. Nh5 Rf5 28. Qxg7# 1-0

[Event "LSS No Engine Cup 11 Preliminary 3"]
[Site "LSS email"]
[Date "2009.11.23"]
[Round "?"]
[White "Enguidanos Gimeno, Salvador"]
[Black "Barna, Tamas"]
[Result "0-1"]
[WhiteElo "1737"]
[BlackElo "1310"]
[PlyCount "50"]
[EventDate "2009.11.24"]
[EventType "tourn (corr)"]
[EventRounds "6"]
[EventCountry "GER"]
[SourceTitle "Corr 2013"]
[Source "ChessBase"]
[SourceDate "2012.11.12"]
[SourceVersion "1"]
[SourceVersionDate "2012.11.12"]
[SourceQuality "1"]

1. Nf3 d5 2. d4 Nf6 3. Bf4 c6 4. e3 Nbd7 5. Bd3 g6 6. h3 Bg7 7. 0-0 0-0 8. Nbd2 Re8 9. c4 b6 10. Rc1 Bb7 11. b4 c5 12. bxc5 bxc5 13. Rb1 Bc6 14. Qc2 Qc8 15. Rfc1 dxc4 16. Nxc4 Bxf3 17. gxf3 cxd4 18. Qb3 Nc5 19. Qc2 Nxd3 20. Qxd3 dxe3 21. fxe3 Qxh3 22. Kf2 Red8 23. Qb3 Qd7 24. Ne5 Qd2+ 25. Kg3 Nh5+ 0-1

[Event "LSS No Engine Cup Gr11 prel 03 email"]
[Site "LSS email"]
[Date "2009.11.23"]
[Round "?"]
[White "Hierholzer, Sebastian"]
[Black "Barna, Tamas"]
[Result "0-1"]
[WhiteElo "800"]
[BlackElo "1274"]
[PlyCount "56"]
[EventDate "2009.11.24"]
[EventType "tourn (corr)"]
[EventRounds "6"]
[EventCountry "GER"]
[SourceTitle "Telechess CBM 137"]
[Source "ChessBase"]
[SourceDate "2010.07.15"]
[SourceVersion "1"]
[SourceVersionDate "2010.07.15"]
[SourceQuality "1"]

1. c4 Nf6 2. Nf3 e6 3. g3 g6 4. Bg2 Bg7 5. 0-0 0-0 6. d3 Nc6 7. Bd2 d5 8. Bb4 Nxb4 9. cxd5 Nbxd5 10. Qc1 c6 11. Ne5 Qc7 12. Nf3 Bd7 13. Nc3 Rac8 14. Nxd5 cxd5 15. d4 Bb5 16. Qxc7 Rxc7 17. Rac1 Rfc8 18. Rxc7 Rxc7 19. Ne5 Bxe2 20. Re1 Rc2 21. b4 Rxa2 22. Bf3 Bxf3 23. Nxf3 Rb2 24. Ra1 Rxb4 25. Rxa7 Ne4 26. Ra8+ Bf8 27. Ne5 Rxd4 28. Nd7 b5 0-1

[Event "LSS No Engine Cup 10 Preliminary 6"]
[Site "LSS email"]
[Date "2009.11.13"]
[Round "?"]
[White "Paetzold, Ortwin"]
[Black "Barna, Tamas"]
[Result "1/2-1/2"]
[WhiteElo "1097"]
[BlackElo "1370"]
[PlyCount "76"]
[EventDate "2009.11.14"]
[EventType "tourn (corr)"]
[EventRounds "6"]
[EventCountry "GER"]
[SourceTitle "Telechess CBM 147"]
[Source "ChessBase"]
[SourceDate "2012.03.16"]
[SourceVersion "1"]
[SourceVersionDate "2012.03.16"]
[SourceQuality "1"]

1. Nf3 d5 2. g3 g6 3. Bg2 Bg7 4. 0-0 Nf6 5. d3 0-0 6. Nbd2 c5 7. Rb1 Nc6 8. b3 Qc7 9. c4 d4 10. a3 e5 11. Ng5 Bf5 12. Nge4 b6 13. b4 Bxe4 14. Nxe4 Nxe4 15. Bxe4 Rae8 16. b5 Ne7 17. Bg5 f6 18. Bd2 f5 19. Bg2 Kh8 20. e3 dxe3 21. Bxe3 f4 22. Bd2 Nf5 23. Be4 Nd4 24. Bc3 Re7 25. Rb2 Ref7 26. Bxd4 exd4 27. Re2 Be5 28. Bd5 Rf6 29. Rfe1 fxg3 30. fxg3 Bd6 31. Qd2 Qc8 32. Qh6 Qf5 33. Be4 Qg4 34. Qh4 Qxh4 35. gxh4 Rf4 36. h5 g5 37. Bd5 h6 38. Re6 R4f6 1/2-1/2

[Event "LSS SF-2009-0-00038"]
[Site "LSS email"]
[Date "2009.11.08"]
[Round "?"]
[White "Ciesla, Daniel"]
[Black "Barna, Tamas"]
[Result "0-1"]
[WhiteElo "1091"]
[BlackElo "1273"]
[PlyCount "44"]
[EventDate "2009.09.03"]
[EventType "tourn (corr)"]
[EventRounds "6"]
[EventCountry "GER"]
[SourceTitle "Telechess CBM 137"]
[Source "ChessBase"]
[SourceDate "2010.07.15"]
[SourceVersion "1"]
[SourceVersionDate "2010.07.15"]
[SourceQuality "1"]

1. d4 d5 2. c4 c6 3. cxd5 cxd5 4. Nc3 Nc6 5. Nf3 Nf6 6. Bg5 e6 7. e3 Be7 8. Be2 0-0 9. 0-0 Bd7 10. Rc1 h6 11. Bxf6 Bxf6 12. a3 Rc8 13. Na4 Nxd4 14. Rxc8 Nxf3+ 15. Bxf3 Qxc8 16. Qb3 b5 17. Nc3 Qc4 18. Qxc4 bxc4 19. Rc1 Rb8 20. Nd1 Bxb2 21. Rb1 Be5 22. Rxb8+ Bxb8 0-1

[Event "LSS SF-2009-0-00037"]
[Site "LSS email"]
[Date "2009.10.17"]
[Round "?"]
[White "Barna, Tamas"]
[Black "Chester, Ian"]
[Result "1-0"]
[WhiteElo "1318"]
[BlackElo "1114"]
[PlyCount "59"]
[EventDate "2009.08.13"]
[EventType "tourn (corr)"]
[EventRounds "6"]
[EventCountry "GER"]
[SourceTitle "Telechess CBM 137"]
[Source "ChessBase"]
[SourceDate "2010.07.15"]
[SourceVersion "1"]
[SourceVersionDate "2010.07.15"]
[SourceQuality "1"]

1. e4 e6 2. d4 d5 3. e5 c5 4. c3 Nc6 5. Nf3 Qb6 6. a3 Nh6 7. Bd3 Bd7 8. 0-0 cxd4 9. cxd4 Nxd4 10. Nc3 Nb3 11. Bxh6 Nxa1 12. Be3 Qxb2 13. Qxa1 Qxa3 14. Nb5 Qxa1 15. Rxa1 Rc8 16. Rxa7 Bc6 17. Nfd4 Bc5 18. Nxc6 Bxe3 19. fxe3 Kd7 20. Na5 Rc1+ 21. Kf2 Rhc8 22. Rxb7+ Kd8 23. Nd6 Ra8 24. Rxf7 Rxa5 25. Nb7+ Ke8 26. Rxg7 Ra2+ 27. Kf3 Rc3 28. Bxh7 Raa3 29. Nd6+ Kd8 30. Bg8 1-0

[Event "LSS SE-2009-0-00031"]
[Site "LSS email"]
[Date "2009.10.15"]
[Round "?"]
[White "Barna, Tamas"]
[Black "Avdeev, Sergey"]
[Result "0-1"]
[WhiteElo "1407"]
[BlackElo "1870"]
[PlyCount "88"]
[EventDate "2009.07.29"]
[EventType "tourn (corr)"]
[EventRounds "6"]
[EventCountry "GER"]
[SourceTitle "Telechess CBM 141"]
[Source "ChessBase"]
[SourceDate "2011.03.17"]
[SourceVersion "1"]
[SourceVersionDate "2011.03.17"]
[SourceQuality "1"]

1. e4 c5 2. Nf3 d6 3. d4 cxd4 4. Nxd4 Nf6 5. Nc3 a6 6. Be3 e6 7. f4 b5 8. Qf3 Bb7 9. Bd3 Nbd7 10. g4 b4 11. Nce2 Nc5 12. Ng3 g6 13. 0-0-0 Nxd3+ 14. cxd3 h5 15. gxh5 Nxh5 16. Kb1 a5 17. Rhf1 Qd7 18. Rc1 a4 19. Qe2 Nxg3 20. hxg3 b3 21. a3 Rc8 22. Nf3 Qb5 23. Rxc8+ Bxc8 24. Bd4 Rh3 25. Rg1 Ba6 26. Ne1 Qh5 27. g4 Qb5 28. Qf2 Be7 29. g5 Qc6 30. Qg2 Bxd3+ 31. Nxd3 Rxd3 32. Rc1 Qb7 33. Bg1 e5 34. Qe2 Rh3 35. Bh2 d5 36. Qg2 Rd3 37. Bg3 dxe4 38. Qh3 Bf8 39. fxe5 Qd7 40. e6 Qxe6 41. Qh2 Qf5 42. Bf4 Bg7 43. Ka1 Bd4 44. Bd2 Be5 0-1